| 000 | 01293njm a22002777a 4500 | ||
|---|---|---|---|
| 005 | 20100904122547.0 | ||
| 007 | sd ammalaaahaa | ||
| 008 | 100904t xxu||||| |||| 00| 0 hin d | ||
| 028 |
_aN. 53181 _bHis Master's Voice |
||
| 028 |
_aOJE. 14861 _bHis Master's Voice |
||
| 028 |
_aOJE. 14867 _bHis Master's Voice |
||
| 035 | _aGR-647 | ||
| 040 | _aSED/VEN | ||
| 100 |
_aBhosle, Asha _91184 |
||
| 245 |
_aBambai Ka Babu Part 1: _bHindustani / _cby Asha Bhosle; Music by S.D. Burman; Lyric by Majrooh _h[Sound Recording] : |
||
| 246 | _aबम्बई का बाबू (आशा भोसले) | ||
| 260 |
_aDum Dum, India : _bHis Master's Voice |
||
| 300 |
_a1 sound disc [Gramophone Recording] : _banalog, 33 1/3 rpm ; _c10 in. _fGramophone Records |
||
| 500 | _aBrief Records | ||
| 505 | _aदेखने में भोला है (बम्बई का बाबू) (आशा भोसले), दीवाना मस्ताना हुआ दिल (आशा भोसले और मोहम्मद रफ़ी) Part 2 | ||
| 650 |
_aClassical Music _xExcerpts _zIndia _918309 |
||
| 700 |
_aBhosle, Asha _918319 |
||
| 700 |
_aRafi, Mohammed _918320 |
||
| 942 |
_2ddc _cGR |
||
| 999 |
_c43743 _d43743 |
||